000 00530nam a2200169 i 4500
001 97454
003 ES-MaACL
005 20250808034525.0
007 t|
008 050712s1911 sp ||||1| spa d
100 1 _aAndrés Marcos, Teodoro.
_921611
245 1 0 _aJusticia de la pena de muerte y sus relaciones con la teoría penal clásica /
_cTeodoro Andrés Marcos.
260 _aTorrelavega :
_b[s.n.],
_c1911.
650 0 7 _aPena de muerte
_2embne
_915915
852 _aES-MaACL
_j1516-F-12
999 _c97454
_d97454